The 'Sweetest' Quiz Stats

 Plays Quiz Updated Jan 11, 2019

Support Sporcle.
Go Orange.
Score 0/27 Timer 03:00
0 Plays Today
% Correct
...Sweet Home
93.5%
Sweet dreams
91%
Sweet tea
86.3%
Sweet tooth
86%
Sweet and sour sauce
84.7%
Sweet Chariot
84.3%
Sweet'n Low
83.6%
Sweet Child O' Mine
82.1%
Sweet revenge
81%
Sweet sixteen
78.7%
Sweet nothings
78.1%
Sweet Caroline
77.9%
Sweet potato
76.6%
Sweet Home Alabama
76.3%
% Correct
Sweetarts
75.7%
Sweet corn
69.1%
Sweet Baby Ray's
64.6%
Sweet onion
62.7%
Sweet vermouth
59.4%
Sweetbreads
57.1%
Sweet sassy molassy!
56.6%
Sweet Emotion
54.6%
Sweet November
47.7%
Sweet Adeline
37.8%
Sweet Jane
30.6%
Sweet William
29.6%
Sweet
25%

You're not logged in!

Compare scores with friends on all Sporcle quizzes.
OR
Log In
Forgot?

From the Vault

Almost Useless Simpsons Trivia

by gunnersauras

Me Fail Sporcle? That's unpossible.
Remove Ads.
Support Sporcle.
Get the best of Sporcle when you Go Orange. This ad-free experience offers more features, more stats, and more fun while also helping to support Sporcle. Thank you for becoming a member.

Show Comments

Extras

Top Quizzes Today


Score Distribution

Your Account Isn't Verified!

In order to create a playlist on Sporcle, you need to verify the email address you used during registration. Go to your Sporcle Settings to finish the process.

Report this User

Report this user for behavior that violates our Community Guidelines.

Details: